00452nam a2200121Ia 45000010005000000080041000050820024000461000031000702450163001012600024002649010027002889990015003154180241024s9999 xx 000 0 und d aRD/372.4/M617l/2013 aDarlyn (coordinadora) Meza 0aLinea base para la sistematización. Componente de apoyo a los aprendizajes en lectoescritura y matemática / Meza, Darlyn coordinadora / Francisco Esquivel bSanto Domingoc2013 a18/8/2016 2:29:49 p.m. c8696d8696